The Turkish hayat house / (Record no. 30818)
[ view plain ]
| 000 -LEADER | |
|---|---|
| fixed length control field | 01043nam a2200337 i 4500 |
| 001 - CONTROL NUMBER | |
| control field | ALH3932BB |
| 003 - CONTROL NUMBER IDENTIFIER | |
| control field | EG-ScBUE |
| 005 - DATE AND TIME OF LATEST TRANSACTION | |
| control field | 20240919095928.0 |
| 008 - FIXED-LENGTH DATA ELEMENTS--GENERAL INFORMATION | |
| fixed length control field | 990518s1995 tu a f b 001 0 eng d |
| 020 ## - INTERNATIONAL STANDARD BOOK NUMBER | |
| International Standard Book Number | 9757622141 |
| 020 ## - INTERNATIONAL STANDARD BOOK NUMBER | |
| International Standard Book Number | 9789757622147 |
| 035 ## - SYSTEM CONTROL NUMBER | |
| System control number | (InU)ALH3932BB |
| 035 ## - SYSTEM CONTROL NUMBER | |
| System control number | (OCoLC)ocm33834184 |
| 040 ## - CATALOGING SOURCE | |
| Original cataloging agency | CGU |
| Language of cataloging | eng |
| Description conventions | rda |
| Transcribing agency | CGU |
| Modifying agency | EG-ScBUE |
| 043 ## - GEOGRAPHIC AREA CODE | |
| Geographic area code | a-tu--- |
| 082 04 - DEWEY DECIMAL CLASSIFICATION NUMBER | |
| Edition number | 22 |
| Classification number | 728.094961 |
| Item number | KUB |
| 100 1# - MAIN ENTRY--PERSONAL NAME | |
| Personal name | Kuban, Doğan, |
| Relator term | author. |
| 245 14 - TITLE STATEMENT | |
| Title | The Turkish hayat house / |
| Statement of responsibility, etc | Doğan Kuban. |
| 264 #1 - PUBLICATION, DISTRIBUTION, ETC. (IMPRINT) | |
| Place of publication, distribution, etc | Istanbul : |
| Name of publisher, distributor, etc | Muhittin Eren, |
| Date of publication, distribution, etc | 1995. |
| 300 ## - PHYSICAL DESCRIPTION | |
| Extent | 279 pages : |
| Other physical details | illustrations (some color) ; |
| Dimensions | 34 cm |
| 336 ## - CONTENT TYPE | |
| Source | rdacontent |
| Content type term | text |
| Content type code | txt |
| 337 ## - MEDIA TYPE | |
| Source | rdamedia |
| Media type term | unmediated |
| Media type code | n |
| 338 ## - CARRIER TYPE | |
| Source | rdacarrier |
| Carrier type term | volume |
| Carrier type code | nc |
| 504 ## - BIBLIOGRAPHY, ETC. NOTE | |
| Bibliography, etc | Includes bibliographical references and index. |
| 650 #7 - SUBJECT ADDED ENTRY--TOPICAL TERM | |
| Topical term or geographic name as entry element | Architecture, Domestic |
| Geographic subdivision | Turkey |
| General subdivision | History. |
| Source of heading or term | BUEsh |
| 650 #7 - SUBJECT ADDED ENTRY--TOPICAL TERM | |
| Topical term or geographic name as entry element | Vernacular architecture |
| Geographic subdivision | Turkey |
| General subdivision | History. |
| Source of heading or term | BUEsh |
| 653 ## - INDEX TERM--UNCONTROLLED | |
| Arrived date list | September2024 |
| Resource For college | Arts and Design |
| 655 ## - INDEX TERM--GENRE/FORM | |
| Form subdivision | Reading book |
| 942 ## - ADDED ENTRY ELEMENTS (KOHA) | |
| Source of classification or shelving scheme | Dewey Decimal Classification |
| Koha item type | Book - Borrowing |
| 998 ## - LOCAL CONTROL INFORMATION (RLIN) | |
| Cataloger\'s initials, CIN (RLIN) | 5/18/1999 |
| Withdrawn status | Lost status | Source of classification or shelving scheme | Damaged status | Not for loan | Collection code | Home library | Current library | Shelving location | Date acquired | Source of acquisition | Cost, normal purchase price | Serial Enumeration / chronology | Total Checkouts | Full call number | Barcode | Date last seen | Date checked out | Cost, replacement price | Price effective from | Koha item type |
|---|---|---|---|---|---|---|---|---|---|---|---|---|---|---|---|---|---|---|---|---|
| Dewey Decimal Classification | Baccah | Central Library | Central Library | Second Floor | 19/09/2024 | Purchase | 3500.00 | 38580 | 1 | 728.094961 KUB | 000057173 | 15/07/2025 | 07/10/2024 | 4375.00 | 19/09/2024 | Book - Borrowing |